[Event "Mechanics' Fall TNM; 30/90, SD/30"]
[Site "San Francisco"]
[Date "2014.11.04"]
[Round "3.27"]
[White "Eastham, Asher"]
[Black "Sherwood, Peter"]
[Result "0-1"]
[WhiteElo "1339"]
[BlackElo "1722"]
[Annotator "Donaldson"]
[PlyCount "54"]
[EventDate "2014.??.??"]

1. e4 e6 2. d4 d5 3. Nd2 c5 4. c3 Nc6 5. Ngf3 Nf6 6. e5 Nd7 7. Bd3 Qb6 8. Qa4 (
8. O-O {is a main line of the Tarrasch French where White sacrifices a pawn
for interesting compensation by} cxd4 9. cxd4 Nxd4 10. Nxd4 Qxd4 11. Nf3 Qb6
12. Qa4 {intending Qg4.}) 8... Be7 9. O-O O-O 10. Rd1 (10. Re1 {is more accurat
e as the rook is better placed on the e-file in the event of ...f6.}) 10... f6
11. exf6 Nxf6 12. Nf1 Bd7 13. Qc2 cxd4 14. cxd4 (14. Nxd4) 14... Nb4 15. Qe2
Nxd3 16. Qxd3 Ne4 17. Ne5 $2 (17. Ng3 $11) 17... Bb5 18. Qc2 Nxf2 19. Rd2 Ng4
20. Nf3 Bxf1 21. h3 Bxg2 22. Rxg2 Rxf3 23. Rxg4 Rxh3 24. Rxg7+ Kh8 25. Rg4 Rh4
26. Qe2 Rxg4+ 27. Qxg4 Rg8 0-1

[Event "Mechanics' SummerTNM; 30/90, SD/30"]
[Site "San Francisco"]
[Date "2014.06.10"]
[Round "3.22"]
[White "Eastham, Lorraine"]
[Black "Chalissery, Jossy"]
[Result "0-1"]
[WhiteElo "999"]
[BlackElo "1723"]
[Annotator "Donaldson"]
[PlyCount "100"]
[EventDate "2014.??.??"]

1. e4 d5 2. exd5 Qxd5 3. Nc3 Qa5 4. d4 c6 5. Nf3 Bf5 6. Be2 Nf6 7. O-O e6 8. a3
Nbd7 9. Bf4 Be7 10. Qd2 O-O 11. Rad1 Qd8 12. Rfe1 Nb6 13. Ne5 Nfd5 14. Bg3 Nxc3
15. Qxc3 Nd5 16. Qb3 Qb6 17. Qxb6 Nxb6 18. c4 Rad8 19. Rd2 Nd7 20. Bf3 Nxe5 21.
Bxe5 Bd6 22. d5 cxd5 23. cxd5 Bxe5 24. Rxe5 b6 25. g4 f6 26. Re1 Bg6 27. Rxe6
Rf7 28. d6 Kf8 29. Bc6 f5 30. d7 Re7 31. Rxe7 Kxe7 32. g5 Bf7 33. f4 $2 (33.
Re2+ Kd6 (33... Kf8 34. Kg2) 34. Re8 Kc7 35. Kg2 $18) 33... Be6 34. Re2 Kd6 35.
Ba4 Bxd7 36. Rd2+ Ke7 37. Rxd7+ Rxd7 38. Bxd7 Kxd7 39. Kf2 Kd6 40. Ke3 Kd5 41.
Kd3 b5 42. b3 a5 43. h3 h6 44. h4 hxg5 45. hxg5 g6 {Diagram #} 46. b4 $2 (46.
Ke3 a4 47. bxa4 bxa4 48. Kd3) (46. a4 Kc5 47. Kc3 bxa4 48. bxa4 Kd5 49. Kd3 $11
) 46... a4 $19 47. Kc3 Ke4 48. Kd2 Kxf4 49. Kd3 Kxg5 50. Ke3 Kg4 0-1

[Event "Mechanics' SummerTNM; 30/90, SD/30"]
[Site "San Francisco"]
[Date "2014.07.15"]
[Round "8.36"]
[White "Eastham, Lorraine"]
[Black "Frank, Robert"]
[Result "1-0"]
[WhiteElo "999"]
[BlackElo "1341"]
[PlyCount "77"]
[EventDate "2014.??.??"]

1. e4 e5 2. Nf3 Nf6 3. Nxe5 d6 4. Nf3 Nxe4 5. d4 d5 6. Bd3 b6 7. O-O Be7 8.
Nbd2 Bb7 9. Re1 Nf6 10. Nf1 O-O 11. Ng3 c5 12. c3 Nc6 13. Bg5 h6 14. Bxf6 Bxf6
15. Bc2 Re8 16. Qd3 g6 17. Rad1 c4 18. Qd2 g5 19. Rxe8+ Qxe8 20. Re1 Qf8 21.
Qe2 Ne7 22. Nh5 Bxd4 23. Qxe7 Bxf2+ 24. Kxf2 Bc6 25. Qxf8+ Kxf8 26. Nd4 Bd7 27.
Nf6 Rd8 28. Nxd7+ Rxd7 29. Bf5 Rc7 30. Re5 Rc5 31. a3 Kg7 32. Re7 a6 33. Ra7 a5
34. Rb7 b5 35. Rxb5 Rxb5 36. Nxb5 Kf6 37. Nd4 h5 38. Kf3 a4 39. Bc2 1-0

[Event "Mechanics' Whitehead TNM; 30/90, SD/30"]
[Site "San Francisco"]
[Date "2014.08.05"]
[Round "1.21"]
[White "Eastham, Lorraine"]
[Black "Gerwin, Gene"]
[Result "0-1"]
[WhiteElo "1229"]
[BlackElo "1906"]
[PlyCount "60"]
[EventDate "2014.??.??"]

1. e4 d5 2. exd5 Qxd5 3. Nc3 Qd6 4. Nf3 c6 5. d4 Nf6 6. Bd3 Bg4 7. O-O e6 8.
Re1 Be7 9. Be3 O-O 10. a3 Nbd7 11. b4 Rac8 12. Na4 b6 13. c4 Rfd8 14. Be2 Qc7
15. Qc2 Bf5 16. Qb2 h6 17. c5 bxc5 18. dxc5 Ng4 19. Bd2 Be4 20. g3 Bxf3 21.
Bxf3 Nde5 22. Be2 Nd3 23. Bxd3 Rxd3 24. Rad1 Rcd8 25. Qc2 Qd7 26. Re2 Bg5 27.
f4 Qd4+ 28. Kf1 Qd5 29. Kg1 Bf6 30. Nb2 Bd4+ 0-1

[Event "Mechanics' Whitehead TNM; 30/90, SD/30"]
[Site "San Francisco"]
[Date "2014.09.02"]
[Round "5.33"]
[White "Eastham, Lorraine"]
[Black "McKellar, Daniel"]
[Result "1/2-1/2"]
[WhiteElo "1229"]
[BlackElo "1504"]
[Annotator "Donaldson"]
[PlyCount "102"]
[EventDate "2014.??.??"]

1. e4 e6 2. d4 d5 3. Nd2 Nf6 4. e5 Nfd7 5. f4 c5 6. c3 Nc6 7. Ngf3 Be7 8. Be2
O-O 9. O-O f6 10. Nb3 Rb8 11. Be3 cxd4 12. cxd4 b5 13. Rc1 Qb6 14. Bf2 a5 15.
Kh1 Ba6 16. Ne1 b4 17. Nd3 Rbc8 18. Re1 Bxd3 19. Qxd3 fxe5 (19... a4) 20. Bg4
$3 {a strong intermezzo.} Na7 21. Qh3 $1 Rxc1 22. Rxc1 (22. Bxe6+ Kh8 23. Nxc1
Rxf4 24. Nd3 {won on the spot.}) 22... Rf6 (22... a4 {had to be tried.}) 23.
dxe5 Qxf2 24. exf6 Nxf6 25. Bxe6+ Kf8 26. Qf5 d4 27. Bc4 Nc6 28. Qe6 Nd8 29.
Qf5 Qxb2 30. Qc2 Qxc2 (30... Qc3 31. Nxa5) 31. Rxc2 Bc5 {Both scoresheets give
this move. Was this a case of chess blindness overlooking the unprotected
bishop on c5?} 32. Nxa5 Bb6 33. Nb3 Ne4 34. g3 Nb7 35. Rb2 Nbd6 36. Bd3 Nf6 37.
Kg2 h5 38. Kf3 Kf7 39. Nd2 Ba5 40. Ne4 Nfxe4 41. Bxe4 Ke6 42. Rc2 Bb6 43. Rc6
Ba5 44. Ra6 Bd8 45. Ra8 Bb6 46. Rg8 Kf6 47. Rh8 g6 48. Rg8 Kf7 49. Bd5+ (49.
Rxg6 Nxe4 50. Rxb6) 49... Kf6 50. Rf8+ Ke7 51. Rb8 Bc5 {
White is still winning with Rg8 and Be4.} 1/2-1/2

[Event "Mechanics' SummerTNM; 30/90, SD/30"]
[Site "San Francisco"]
[Date "2014.06.24"]
[Round "5.31"]
[White "Eastham, Lorraine"]
[Black "Oyuntseren, Togtokh"]
[Result "0-1"]
[WhiteElo "999"]
[BlackElo "1395"]
[PlyCount "86"]
[EventDate "2014.??.??"]

1. e4 e5 2. Nf3 Nf6 3. Nxe5 Qe7 4. d4 d6 5. Nf3 Qxe4+ 6. Be2 Be7 7. Nc3 Qe6 8.
Nb5 Qd7 9. c4 a6 10. Nc3 O-O 11. O-O b6 12. Qc2 Bb7 13. Re1 g6 14. Bg5 Re8 15.
d5 c5 16. a4 Qc7 17. h4 Nbd7 18. Rad1 Kg7 19. Qc1 Ng8 20. Qf4 h6 21. Bxh6+ Nxh6
22. Ng5 Bf6 23. Nce4 Re5 24. Rd3 Qb8 25. Rf3 Ng8 26. Qg4 Bc8 27. h5 Bxg5 28.
Nxg5 Ndf6 29. Qh4 Bf5 30. Rg3 Qc7 31. f4 Re7 32. Kf2 Rae8 33. hxg6 Bxg6 34. Rh3
Ne4+ 35. Nxe4 Rxe4 36. Qh8+ Kf8 37. Rg3 Qe7 38. Bd3 Rxf4+ 39. Kg1 Qxe1+ 40. Kh2
Qe7 41. Bxg6 Qh4+ 42. Rh3 Qxh8 43. Rxh8 fxg6 0-1

[Event "Mechanics' Whitehead TNM; 30/90, SD/30"]
[Site "San Francisco"]
[Date "2014.09.16"]
[Round "7.31"]
[White "Eastham, Lorraine"]
[Black "Simpkins, Jerry"]
[Result "0-1"]
[WhiteElo "1229"]
[BlackElo "1480"]
[Annotator "Donaldson"]
[PlyCount "60"]
[EventDate "2014.??.??"]

1. e4 e5 2. Nf3 Nc6 3. Bc4 Nf6 4. d3 d6 5. O-O (5. Ng5 $1 d5 6. exd5 {
leaves White in a main line of the Two Knights Defense a tempo up (the
important extra move d3).}) 5... Be7 6. h3 O-O 7. Be3 (7. c3 Na5 8. Bb5 a6 9.
Ba4 b5 10. Bc2 {with play analagous to the Ruy Lopez.}) 7... Na5 8. Bb3 Nxb3 9.
axb3 Nd7 10. Rxa7 $4 Rxa7 11. Bxa7 {This is the sort of position that
computers are bad at evaluating (Houdini 4 thinks its equal here). They can
see the bishop cannot be trapped short-term but fail to recognize it will
never escape fro its prison.} b6 12. Nc3 Nc5 13. Nd5 f5 14. Bb8 Na6 15. Ba7 Be6
16. Qa1 Bxd5 17. Qxa6 fxe4 18. dxe4 Bxe4 19. Qc4+ d5 20. Qc6 Bxf3 21. gxf3 Rxf3
22. Qe6+ Kh8 23. Kg2 Rf6 24. Qxe5 Rg6+ 25. Kh1 d4 26. Re1 Qa8+ 27. Re4 Qc8 28.
Rg4 Bd6 29. Qxd4 Qa6 30. Rg1 Qb7+ 0-1

[Event "Mechanics' SummerTNM; 30/90, SD/30"]
[Site "San Francisco"]
[Date "2014.05.27"]
[Round "1.26"]
[White "Eastham, Lorraine"]
[Black "Zaman, Ahyan"]
[Result "1-0"]
[WhiteElo "999"]
[BlackElo "969"]
[Annotator "Donaldson"]
[PlyCount "39"]
[EventDate "2014.??.??"]

1. e4 e5 2. Nf3 Nc6 3. Bc4 Bc5 4. c3 Nf6 5. d4 exd4 6. cxd4 Bb4+ 7. Bd2 Nxe4 8.
Bxb4 Nxb4 9. Bxf7+ Kxf7 10. Qb3+ Kf8 (10... d5 11. Ne5+ Ke6 12. Qxb4 Qf8) 11.
Qxb4+ d6 $2 (11... Qe7 {
transposes into known theory and should be fine for Black.}) 12. O-O a5 13. Qa3
Bf5 14. Nc3 Ra6 15. Rac1 Nxc3 16. bxc3 Be4 17. Nd2 Qh4 18. Nxe4 Qxe4 19. Qb2 h5
20. Rfe1 {and White later won.} 1-0

[Event "Mechanics' Whitehead TNM; 30/90, SD/30"]
[Site "San Francisco"]
[Date "2014.09.16"]
[Round "7.24"]
[White "Ebert, John"]
[Black "Hood, Bryan"]
[Result "0-1"]
[WhiteElo "1753"]
[BlackElo "1258"]
[Annotator "Donaldson"]
[PlyCount "38"]
[EventDate "2014.??.??"]

1. d4 d5 2. Nf3 Nf6 3. c4 g6 $6 {
This is not the right way to enter the Grunfeld.} 4. Nc3 (4. cxd5 Nxd5 5. e4 {
gives White a clear advantage because there is no knight on c3 for Black to
trade his knight on d5.}) 4... Bg7 5. cxd5 Nxd5 6. e4 Nxc3 7. bxc3 c5 8. Qc2 $2
{The queen is misplaced here as it it is a target for Black's minor pieces and
a rook that will soon come to the c-file.} (8. Rb1) (8. Be3) (8. Bb5+) (8. Be2)
8... cxd4 9. cxd4 O-O 10. Bb2 Bg4 11. Ne5 Bxe5 12. dxe5 Nc6 13. f3 Be6 14. Kf2
$2 (14. Be2 Qb6 {traps White's king in the center.}) (14. Bc3 Qb6 (14... Rc8
15. Qb2) 15. Qf2 {allows the neat tactic} Bxa2 {but after} 16. Qxb6 axb6 {
White has some drawing chances in the ending after} 17. Kf2) 14... Qb6+ 15. Kg3
Rac8 16. Qf2 Qa5 17. Qe3 Nxe5 18. Be2 f6 (18... Rc2 $1 {is even stronger.}) 19.
Rhe1 Bc4 {Black is already winning - 0-1 in 60 plus moves.} 0-1

[Event "Mechanics' Spring TNM; 30/90, SD/30"]
[Site "San Francisco"]
[Date "2014.03.25"]
[Round "2.27"]
[White "Ebert, John"]
[Black "Morgan, Jerry"]
[Result "1/2-1/2"]
[WhiteElo "1766"]
[BlackElo "1568"]
[PlyCount "68"]
[EventDate "2014.??.??"]

1. d4 d5 2. Nf3 Nf6 3. c4 c6 4. Nc3 dxc4 5. a4 Bf5 6. e3 e6 7. Bxc4 Bb4 8. O-O
O-O 9. Qb3 a5 10. Na2 Qe7 11. Nxb4 Qxb4 12. Qxb4 axb4 13. Bd2 Nd5 14. Bxd5 cxd5
15. Bxb4 Rc8 16. Bc5 Nd7 17. Rfc1 Rc6 18. b4 Rca6 19. a5 Bd3 20. Ne5 Nxe5 21.
dxe5 Rc6 22. Ra3 Bb5 23. Rac3 Rac8 24. g4 f6 25. Bd4 Kf7 26. Rxc6 Rxc6 27. Rxc6
Bxc6 28. exf6 gxf6 29. f4 Kg6 30. Kf2 Bb5 31. h4 f5 32. g5 Kh5 33. Ke1 Kxh4 34.
Kd2 Kg3 1/2-1/2

[Event "Mechanics' Fall TNM; 30/90, SD/30"]
[Site "San Francisco"]
[Date "2014.11.25"]
[Round "5.23"]
[White "Eytan, David"]
[Black "Abraham, Renjish"]
[Result "1/2-1/2"]
[WhiteElo "1496"]
[BlackElo "1840"]
[PlyCount "89"]
[EventDate "2014.??.??"]

1. e4 c5 2. Nf3 d6 3. Nc3 Nc6 4. d4 cxd4 5. Nxd4 Nf6 6. Be3 e5 7. Nxc6 bxc6 8.
Qd2 Be7 9. Be2 Be6 10. O-O O-O 11. f3 d5 12. exd5 cxd5 13. Bg5 Qb6+ 14. Kh1 d4
15. Na4 Qc6 16. b3 h6 17. Bh4 Rfd8 18. Nb2 e4 19. Bxf6 Bxf6 20. fxe4 Bg5 21.
Qd3 Rac8 22. Nc4 Bxc4 23. bxc4 Re8 24. Qf3 Bf6 25. Bd3 Re5 26. Rab1 a6 27. Rb3
Qe6 28. Rb7 Rf8 29. Rfb1 Rc5 30. g3 Be5 31. Qh5 Bxg3 32. Qf3 Bc7 33. Rg1 Qc6
34. Rbb1 Qd6 35. Rg2 Rg5 36. Rbg1 Qe5 37. Qh3 Rxg2 38. Rxg2 Kh8 39. Qf5 Qxf5
40. exf5 Re8 41. c5 Re5 42. c6 a5 43. Rg4 Bb6 44. Kg2 Rc5 45. Re4 1/2-1/2

[Event "Mechanics' Fall TNM; 30/90, SD/30"]
[Site "San Francisco"]
[Date "2014.10.21"]
[Round "1.17"]
[White "Eytan, David"]
[Black "Askin, David"]
[Result "0-1"]
[WhiteElo "1496"]
[BlackElo "2007"]
[PlyCount "112"]
[EventDate "2014.??.??"]

1. e4 c5 2. f4 d5 3. e5 Bf5 4. Bb5+ Nc6 5. Nf3 e6 6. O-O Nh6 7. d4 Bg4 8. Be3
Nf5 9. Bxc6+ bxc6 10. Bf2 Bxf3 11. gxf3 Qb6 12. c3 Qxb2 13. Qa4 Qb5 14. Qxb5
cxb5 15. Nd2 Be7 16. dxc5 O-O 17. a4 bxa4 18. Rxa4 Rfc8 19. Nb3 Rab8 20. Rb1
Bxc5 21. Bxc5 Rxc5 22. Rxa7 Rxc3 23. Nd2 Rxb1+ 24. Nxb1 Rc1+ 25. Kf2 h5 26. Nd2
Rc2 27. Ra8+ Kh7 28. Ke1 Nh4 29. Ra4 Kg6 30. Kd1 Rc3 31. Ke2 Ng2 32. Nf1 Rc2+
33. Nd2 Rb2 34. Kd3 Rb7 35. Nf1 h4 36. Rd4 Kf5 37. Ne3+ Nxe3 38. Kxe3 Rb2 39.
h3 Rh2 40. Rb4 Rxh3 41. Rb7 Kg6 42. Rd7 Rh2 43. f5+ Kxf5 44. Rxf7+ Kxe5 45.
Rxg7 Ra2 46. Rg5+ Kf6 47. f4 h3 48. Kf3 Ra3+ 49. Kg4 Ke7 50. Rh5 Kf7 51. Rxh3
Rxh3 52. Kxh3 Kf6 53. Kg3 Kf5 54. Kf3 d4 55. Kg3 Ke4 56. Kf2 Kxf4 0-1

[Event "Mechanics' Whitehead TNM; 30/90, SD/30"]
[Site "San Francisco"]
[Date "2014.08.05"]
[Round "1.13"]
[White "Eytan, David"]
[Black "Askin, David"]
[Result "0-1"]
[WhiteElo "1496"]
[BlackElo "2007"]
[PlyCount "72"]
[EventDate "2014.??.??"]

1. e4 c6 2. d4 d5 3. e5 Bf5 4. Bd3 Bxd3 5. Qxd3 e6 6. Nf3 Nd7 7. Nc3 c5 8. dxc5
Bxc5 9. Be3 Bxe3 10. Qxe3 Ne7 11. O-O Nc6 12. Nb5 O-O 13. c3 a6 14. Nbd4 Qc7
15. Nxc6 bxc6 16. Rad1 Rab8 17. Rd2 Nb6 18. b3 c5 19. Nh4 a5 20. f4 Nd7 21. Qe2
a4 22. bxa4 Qa5 23. c4 Nb6 24. cxd5 Nxd5 25. f5 Qxa4 26. Rxd5 exd5 27. Qh5 Qd4+
28. Kh1 Qxe5 29. Nf3 Qf6 30. Ng5 h6 31. h4 Rb2 32. a4 Ra2 33. Rf4 Ra1+ 34. Kh2
hxg5 35. hxg5 Qe5 36. g3 Qb2+ 0-1

[Event "Mechanics' Fall TNM; 30/90, SD/30"]
[Site "San Francisco"]
[Date "2014.12.09"]
[Round "7.18"]
[White "Eytan, David"]
[Black "Bayaraa, Chinguun"]
[Result "0-1"]
[WhiteElo "1496"]
[BlackElo "1868"]
[PlyCount "74"]
[EventDate "2014.??.??"]

1. e4 c5 2. Nf3 d6 3. Bc4 Nf6 4. O-O a6 5. Re1 b5 6. e5 dxe5 7. Be2 Nc6 8. c4
b4 9. a3 bxa3 10. Nxa3 e4 11. Ng5 h6 12. Nh3 Bxh3 13. gxh3 e6 14. d3 exd3 15.
Bf3 Rc8 16. Bf4 Bd6 17. Bxd6 Qxd6 18. Qa4 O-O 19. Qxa6 Rfd8 20. Nb5 Qd7 21. Qa3
Nb4 22. Na7 Nc2 23. Qa5 Nxe1 24. Bc6 Rxc6 25. Nxc6 Rf8 26. Ne5 Qd4 27. Qxe1 d2
28. Qe2 Qxb2 29. Rd1 Rd8 30. Nd3 Qd4 31. Ne5 Qf4 32. Nc6 Rd6 33. Ne7+ Kh7 34.
f3 e5 35. Rf1 Qd4+ 36. Kg2 d1=Q 37. Nd5 Qxe2+ 0-1

[Event "Mechanics' Spring TNM; 30/90, SD/30"]
[Site "San Francisco"]
[Date "2014.05.06"]
[Round "8.15"]
[White "Eytan, David"]
[Black "Cohee, James"]
[Result "0-1"]
[WhiteElo "1637"]
[BlackElo "1638"]
[PlyCount "78"]
[EventDate "2014.??.??"]

1. e4 c5 2. Bc4 e6 3. Nf3 Nc6 4. d4 cxd4 5. Nxd4 Qc7 6. Nc3 a6 7. Be3 Nf6 8.
Qd2 b5 9. Bd3 Bb7 10. f3 Rc8 11. Rc1 Bb4 12. a3 Ba5 13. b4 Bb6 14. Ndxb5 axb5
15. Nxb5 Qd8 16. Nd6+ Ke7 17. Nxb7 Qc7 18. Ba6 d5 19. exd5 Nxd5 20. Nc5 Rcd8
21. Bg5+ f6 22. O-O fxg5 23. Qxg5+ Kf7 24. Bd3 Bxc5+ 25. bxc5 Qe5 26. Qh4 Nf4
27. Rb1 Qxc5+ 28. Kh1 Nxd3 29. Rb7+ Ne7 30. cxd3 Rxd3 31. Re1 Rhd8 32. a4 Rd1
33. a5 Qg5 34. Qe4 Qd5 35. Qb4 {Diagram #} Qxb7 36. Qf4+ Ke8 37. Qa4+ Qc6 38.
Qb4 Rxe1+ 39. Qxe1 Qc2 0-1

[Event "Mechanics' Fall TNM; 30/90, SD/30"]
[Site "San Francisco"]
[Date "2014.10.28"]
[Round "2.26"]
[White "Eytan, David"]
[Black "Flores, David"]
[Result "0-1"]
[WhiteElo "1496"]
[BlackElo "1793"]
[PlyCount "72"]
[EventDate "2014.??.??"]

1. e4 d6 2. Bc4 Nf6 3. Nc3 g6 4. d4 Bg7 5. Be3 O-O 6. Qd2 Ng4 7. Nf3 Nxe3 8.
Qxe3 a6 9. Rd1 Nd7 10. h4 h5 11. Nd5 b5 12. Bb3 c5 13. c3 Bb7 14. Nf4 Kh7 15.
Ng5+ Kg8 16. Nfe6 Qa5 17. Nxf8 Rxf8 18. Bxf7+ Rxf7 19. Nxf7 Kxf7 20. Qf4+ Kg8
21. dxc5 Nxc5 22. f3 Qxa2 23. Qc1 Qc4 24. Qe3 Ne6 25. g3 Kh7 26. Rh2 Bh6 27.
Qd3 Qc5 28. Rg2 Qc8 29. b4 a5 30. bxa5 Nc5 31. Qxb5 Ba6 32. Qb1 Qh3 33. Qa2 Kg7
34. c4 Qh1+ 35. Kf2 Qxd1 36. Qb2+ Kf7 0-1

[Event "Mechanics' Winter TNM; 30/90, SD/30"]
[Site "San Francisco"]
[Date "2014.02.11"]
[Round "6.26"]
[White "Eytan, David"]
[Black "Gomboluudev, Enkhjin"]
[Result "0-1"]
[WhiteElo "1637"]
[BlackElo "1320"]
[Annotator "Donaldson"]
[PlyCount "59"]
[EventDate "2014.??.??"]

1. e4 e5 2. d4 exd4 3. c3 dxc3 4. Bc4 Nf6 5. Nf3 (5. Nxc3) 5... Nc6 (5... Nxe4
6. Bxf7+ Kxf7 7. Qd5+ Ke8 8. Qxe4+ Qe7) 6. O-O (6. e5 d5 7. exf6 dxc4 8. Qxd8+
Nxd8 9. fxg7 Bxg7) 6... Bc5 7. Re1 O-O 8. Nxc3 d6 9. Ng5 Ne5 10. Bb3 h6 (10...
Bg4) 11. Nh3 {Diagram #} Bg4 $1 12. Qc2 Bxh3 13. gxh3 Nf3+ 14. Kf1 Nxe1 (14...
Qd7) 15. Kxe1 Qd7 16. Qd3 Rfe8 17. Bf4 Qf5 $1 18. Be3 Qxh3 19. Qc4 Qe6 (19...
Bxe3 20. Qxf7+ Kh8) 20. Qd3 Qg4 21. Kd2 Nxe4+ 22. Nxe4 Rxe4 23. Rd1 Rae8 24.
Bxc5 dxc5 25. Kc1 Re1 26. Rxe1 Rxe1+ 27. Kd2 Qb4+ 28. Kc2 Qe4 29. Kd2 Qxd3+ 30.
Kxd3 0-1

[Event "Mechanics' Whitehead TNM; 30/90, SD/30"]
[Site "San Francisco"]
[Date "2014.08.26"]
[Round "4.24"]
[White "Eytan, David"]
[Black "Harris, Clarence"]
[Result "0-1"]
[WhiteElo "1496"]
[BlackElo "1655"]
[PlyCount "80"]
[EventDate "2014.??.??"]

1. e4 e5 2. Nf3 Nc6 3. d4 exd4 4. Nxd4 Qh4 5. Nc3 Bb4 6. Ndb5 Ba5 7. g3 Qxe4+
8. Qe2 Qxe2+ 9. Bxe2 a6 10. Na3 Nf6 11. Bf4 O-O 12. O-O b5 13. Nd1 Nd4 14. Bd3
Bb7 15. Ne3 Nf3+ 16. Kg2 Nd2+ 17. Kg1 Nxf1 18. Kxf1 Rfe8 19. c3 Nd5 20. Nxd5
Bxd5 21. Nc2 Be4 22. Rd1 Rad8 23. Ne3 Bb6 24. Bxe4 Bxe3 25. Bxh7+ Kxh7 26. Bxe3
d5 27. h4 Re4 28. Rd2 c6 29. b3 a5 30. Bb6 Rde8 31. Bxa5 Re1+ 32. Kg2 R8e2 33.
Rxe2 Rxe2 34. a4 bxa4 35. bxa4 Ra2 36. Kf3 Rxa4 37. Bb4 d4 38. Ke2 dxc3 39.
Bxc3 g6 40. Ke3 f5 0-1

[Event "Mechanics' Winter TNM; 30/90, SD/30"]
[Site "San Francisco"]
[Date "2014.02.25"]
[Round "8.30"]
[White "Eytan, David"]
[Black "McKellar, Daniel"]
[Result "0-1"]
[WhiteElo "1637"]
[BlackElo "1343"]
[PlyCount "60"]
[EventDate "2014.??.??"]

1. f4 d5 2. Nf3 c5 3. e3 Nf6 4. b3 g6 5. Bb2 Bg7 6. Nc3 e6 7. Bb5+ Bd7 8. a4
Bxb5 9. axb5 d4 10. Ne2 d3 11. Ng3 O-O 12. h4 h5 13. c4 Ng4 14. Bxg7 Kxg7 15.
Ne4 b6 16. Nfg5 Nd7 17. Nd6 Ndf6 18. Ndxf7 Qe7 19. Ne5 Nxe5 20. fxe5 Ng4 21.
Rf1 Rxf1+ 22. Kxf1 Rf8+ 23. Kg1 Nxe5 24. Qe1 Ng4 25. Qg3 e5 26. e4 Qd7 27. Rf1
Qd4+ 28. Rf2 Qxf2+ 29. Qxf2 Rxf2 30. Ne6+ Kg8 0-1

[Event "Mechanics' SummerTNM; 30/90, SD/30"]
[Site "San Francisco"]
[Date "2014.06.17"]
[Round "4.38"]
[White "Eytan, David"]
[Black "Olson, David"]
[Result "1/2-1/2"]
[WhiteElo "1595"]
[BlackElo "1406"]
[Annotator "Donaldson"]
[PlyCount "68"]
[EventDate "2014.??.??"]

1. e4 d6 2. Bc4 Nf6 3. Nf3 Bg4 $2 (3... Nxe4) 4. e5 d5 5. Bb5+ c6 6. Bxc6+ Nxc6
7. exf6 gxf6 8. d4 e5 9. c3 e4 10. h3 Bh5 11. g4 Bg6 12. Nh4 Bd6 13. Be3 Qc7
14. Nd2 O-O-O 15. Qb3 Na5 16. Qa4 a6 17. Nf5 Bxf5 18. gxf5 Rhg8 19. O-O-O Rg2
20. Rdg1 Rdg8 21. Rxg2 Rxg2 22. Qe8+ Qd8 23. Qxf7 Bf8 24. Qe6+ Kb8 25. Bf4+ Ka8
26. Bg3 Bh6 27. b3 Nc6 $2 (27... e3 $1 $19) 28. Kc2 Bxd2 (28... Qa5 $1) 29.
Kxd2 {Diagram #} Nxd4 $1 30. cxd4 Rxg3 $1 31. fxg3 Qa5+ 32. Ke2 Qxa2+ 33. Kf1
Qa1+ 34. Kg2 Qb2+ 1/2-1/2

[Event "Mechanics' Spring TNM; 30/90, SD/30"]
[Site "San Francisco"]
[Date "2014.04.15"]
[Round "5.22"]
[White "Eytan, David"]
[Black "Poler, Sebastian"]
[Result "1-0"]
[WhiteElo "1637"]
[BlackElo "1203"]
[PlyCount "67"]
[EventDate "2014.??.??"]

1. e4 c6 2. d4 d5 3. Nc3 dxe4 4. Bc4 Bf5 5. Bf4 Nf6 6. h3 e6 7. g4 Bg6 8. h4 h6
9. h5 Bh7 10. g5 hxg5 11. Bxg5 Bf5 12. Qd2 Nbd7 13. Nge2 Qb6 14. O-O-O Rxh5 15.
Rxh5 Nxh5 16. Rh1 Nhf6 17. Na4 Qc7 18. Bf4 Bd6 19. Rh8+ Nf8 20. Nc5 O-O-O 21.
Nxb7 Qxb7 22. Bxd6 Ng6 23. Rxd8+ Kxd8 24. Bc5 Ke8 25. Qa5 Ng4 26. d5 cxd5 27.
Ba6 Qb8 28. Nd4 Qf4+ 29. Kb1 Qxf2 30. Nc6 Qh4 31. a3 N6e5 32. Nxe5 Nxe5 33. Qc7
Nd7 34. Bb5 1-0

[Event "Mechanics' Spring TNM; 30/90, SD/30"]
[Site "San Francisco"]
[Date "2014.03.18"]
[Round "1.28"]
[White "Eytan, David"]
[Black "Regzedmaa, Ganhuyag"]
[Result "1-0"]
[WhiteElo "1637"]
[BlackElo "1483"]
[PlyCount "137"]
[EventDate "2014.??.??"]

1. e4 e5 2. d4 Nf6 3. Bg5 Be7 4. Bd3 exd4 5. f4 d6 6. Nf3 Nc6 7. O-O O-O 8. f5
Ne5 9. Nxd4 Nfg4 10. Bxe7 Qxe7 11. Qe1 Qg5 12. Nf3 Qe3+ 13. Qxe3 Nxe3 14. Rf2
N3g4 15. Re2 Nxf3+ 16. gxf3 Nf6 17. Nd2 Bd7 18. Rg2 b5 19. h4 c5 20. Kf2 Kh8
21. Rag1 Rg8 22. f4 Rab8 23. b3 b4 24. c4 Bc6 25. Rg5 Rbe8 26. Re1 h6 27. Rg3
Nh5 28. Rg4 Nf6 29. Rgg1 Nh5 30. Kf3 Re7 31. Re2 Nf6 32. Rge1 Rge8 33. Kf2 a5
34. Kg3 Nh5+ 35. Kg4 Nf6+ 36. Kh3 Nh5 37. Kg4 Nf6+ 38. Kf3 Nd7 39. Kg3 a4 40.
h5 axb3 41. axb3 Ra8 42. e5 dxe5 43. fxe5 Rae8 44. Kf4 Kg8 45. e6 Nf6 46. exf7+
Kxf7 47. Rxe7+ Rxe7 48. Rxe7+ Kxe7 49. Be2 Be8 50. Ke5 Bxh5 51. Bxh5 Nxh5 52.
Ne4 Nf6 53. Nxc5 Nd7+ 54. Nxd7 Kxd7 55. f6 gxf6+ 56. Kxf6 Kd6 57. Kg6 Ke5 58.
Kxh6 Kd4 59. Kg5 Ke5 60. Kg4 Ke4 61. Kg3 Kd4 62. Kf2 Kc3 63. c5 Kxb3 64. c6 Ka2
65. c7 b3 66. c8=Q b2 67. Qc2 Ka1 68. Qa4+ Kb1 69. Ke2 1-0

[Event "Mechanics' SummerTNM; 30/90, SD/30"]
[Site "San Francisco"]
[Date "2014.06.03"]
[Round "2.28"]
[White "Eytan, David"]
[Black "Riese, Kayven"]
[Result "0-1"]
[WhiteElo "1595"]
[BlackElo "1900"]
[Annotator "Donaldson"]
[PlyCount "86"]
[EventDate "2014.??.??"]

1. e4 c5 2. Nf3 d6 3. Bc4 Nc6 (3... Nf6 4. e5 dxe5 5. Nxe5 e6) 4. c3 g6 $6 (
4... Nf6) 5. d4 cxd4 6. Qb3 (6. cxd4 $16) 6... e6 7. Bg5 (7. cxd4 Bd7 8. Qxb7
Na5 9. Qa6 Nxc4 10. Qxc4 Rc8) 7... Qa5 8. O-O Bg7 9. Rd1 Bd7 10. cxd4 Bxd4 11.
Nxd4 (11. Nc3) 11... Qxg5 12. Nxc6 (12. Qxb7 Rb8 13. Qc7 Rc8 (13... Qc5 14.
Nxc6 Rc8 15. Qxa7) 14. Qxd6) 12... Bxc6 13. Bxe6 $4 fxe6 14. Qxe6+ Qe7 15. Qxd6
Rd8 16. Qxd8+ Qxd8 17. Rxd8+ Kxd8 18. Nc3 Nf6 19. Rd1+ Ke7 20. f3 h5 21. Kf2 h4
22. Ke3 Rh5 23. b4 a6 24. a4 Nd7 25. f4 Nb6 26. a5 Nc4+ 27. Kd4 Nd6 28. g4 hxg3
29. hxg3 Rh3 30. g4 Rg3 31. e5 Nf7 32. Nd5+ Ke6 $2 (32... Bxd5 33. Kxd5 Rxg4)
33. f5+ gxf5 34. gxf5+ Kxf5 {Diagram #} 35. Ne7+ $4 (35. Rf1+ Kg6 (35... Ke6
36. Rf6+) 36. Ne7+ Kg7 37. Nf5+) 35... Ke6 36. Nxc6 bxc6 37. Kc5 Rg4 38. Rd6+
Nxd6 39. exd6 Kd7 40. Kb6 Rxb4+ 41. Kxa6 Kxd6 42. Ka7 Kc7 43. a6 Ra4 0-1